00000000nam##2200000za#4500
0019.667413
003CaOODSP
00520210615123515
007ta
008150407|2006||||xxc|||||     f|0| 0 eng|d
020 |a0-662-49050-9
040 |aCaOODSP|beng
041 |aeng
041 |afre
043 |an-cn---
0861 |aCH1-3/2006
1101 |aCanada. |bCanadian Heritage.
24510|aGuide to Canadian Heritage financial support programs
260 |aOttawa - Ontario : |bCanadian Heritage |c2006.
300 |aEnglish text, [5], 94p. ; |c28 cm.
500 |a"Spring 2006".
5203 |aThis is a guide to grants, bursaries, tax credits, and other financial support offered by the Department of Canadian Heritage under the following categories: Aboriginal, arts and culture, Canada’s heritage, digital future, multiculturalism, official languages, sport, and youth. A brief description of each program is followed by information about who can apply, when, and where. Because the programs change from time to time, readers are encouraged to visit the Department’s Web site (www.canadianheritage.gc.ca) for the most up-to-date information.
563 |aSpiral binding
590 |a06-18|b2006-05-05
69007|aAid programs|2gcpds
69007|aFinancial assistance|2gcpds
69007|aHeritage|2gcpds
7760#|tGuide des programmes d'appui financier de Patrimoine canadien |w(CaOODSP)9.632643
7760#|tGuide to Canadian Heritage financial support programs |w(CaOODSP)9.688211
792 |tGuide des programmes d'appui financier de Patrimoine canadien |efre|w(CaOODSP)9.667414